| 000 | 01127nam a22002777a 4500 | ||
|---|---|---|---|
| 003 | OSt | ||
| 005 | 20230823140413.0 | ||
| 008 | 221006b |||||||| |||| 00| 0 eng d | ||
| 040 | _cBiblioteca Lado V | ||
| 082 |
_a700 _bJ88r |
||
| 100 |
_9961 _aJoya, Olga _edirectora |
||
| 245 |
_aRevista Arte & Cultura/ _bCentro de Arte y Cultura UNAH/ |
||
| 260 |
_c2016 _bUniversidad Nacional Autónoma de Honduras _aHonduras |
||
| 300 |
_c21.5x30cm _a104p. |
||
| 490 |
_a1 _vIII |
||
| 505 | _tHuellas de Teatro en la UNAH | ||
| 505 | _tDe la contorsión que transforma a un meneo acompasado de la cintura | ||
| 505 | _tNarrativas coreográficas sin registro | ||
| 505 | _tActualidad del Teatro Centroamericano | ||
| 505 | _tLa formación de artistas profesionales en la universidad de San Carlos de Guatemala | ||
| 650 |
_2Tesauro de Arte & Arquitectura _aARTE |
||
| 650 |
_2Tesauro de Arte & Arquitectura _aCULTURA _9702 |
||
| 650 |
_2Tesauro de Arte & Arquitectura _aSOCIEDAD _9703 |
||
| 650 |
_2Tesauro de Arte & Arquitectura _aUNIVERSIDAD NACIONAL AUTONOMA DE HONDURAS |
||
| 942 |
_2ddc _c1 _h700 _iJ88r _n0 |
||
| 999 |
_c4195 _d4195 |
||